000 004990000a22001570004500
003 MACL
005 20181202163243.0
008 181202b xxu||||| |||| 00| 0 eng d
040 _aMACL
_cmacl
100 _4दुबे, प्रशान्‍त
245 _aमध्‍य प्रदेश MP PMT 2014 सक्‍सेस पैकेज
260 _aमेरठ
_bअरिहन्‍त
_c2014
350 _a695
650 _aमेडिकल
_973299
942 _cHIN
_k610
_2ddc
999 _c49068
_d49068